00261nam a2200097Ia 4500008004100000100002300041245003100064260004200095300000800137650001800145191201s2014 xx 000 0 und d aPAHADIA, Jagannath 0aHashiye Se Mukhyadhara Tak aNew DelhibS Chand and Co. Ltd.c2014 a240 aGeneral Books